=LDR 00000nam 2200000 4500 =001 INLIS000000000017449 =005 20130612112645 =008 ***********************************Ind** =035 ##$$0010-061300000017449 =041 ##$$a Ind =082 ##$$a 506.6 =090 ##$$a 506.6, Kus a =100 ##$$a Kustur, Roldi Artono =245 ##$$a Aliran dua fase dan fluks kolor kritis, oleh Roldi Artono Kustur =260 ##$$a 1994 $b Jakarta =300 ##$$a xvi, 88 hlm, 23 cm =650 ##$$a Kolometri =850 ##$$a NBPNMAT